| 000 | 01538nam2a2200253 4500 | ||
|---|---|---|---|
| 001 | RU\NLR\BIBL_A\010260177 | ||
| 005 | 20250614015244.0 | ||
| 010 |
_a978-5-346-02755-3 _bч.2 _95000 |
||
| 021 |
_aRU _b2014-4266 _9260 |
||
| 035 | _a(NLR Aleph) 010260177 | ||
| 090 |
_a10454816 _c10454816 |
||
| 100 | _a20140320d2013 |||y0rusy50 ca | ||
| 101 | 0 | _arus | |
| 102 | _aRU | ||
| 105 | _ay|||j|||001yy | ||
| 200 | 1 | _aРусская литература | |
| 210 |
_d2013 _aБ. м. |
||
| 215 | _a526, [1] с. | ||
| 320 | _aБиблиогр.: с. 526 и в подстроч. примеч. | ||
| 461 | 0 |
_1001RU\NLR\BIBL_A\010589494 _12000#$aЛитература$e10 класс$eучебник$eдля общеобразовательных учреждений$e(базовый и углубленный уровни)$eв 3 ч.$f[доктора пед. наук Г.Н. Ионин, Е.Ф. Роговер, к.филол.н. В.И. Кайгородов и др.]$gпод ред. Г.Н. Ионина, Г.И. Беленького$vЧ. 2 _910496802 _cМосква _d2013 _e5-е изд., стер. _f[доктора пед. наук Г.Н. Ионин, Е.Ф. Роговер, к.филол.н. В.И. Кайгородов и др.] _nМнемозина _o10 класс : учебник : для общеобразовательных учреждений : (базовый и углубленный уровни) : в 3 ч. _tЛитература _y9785346027539 _vЧ. 2 |
|
| 942 | _cBOOK | ||
| 980 | _aNB | ||